[Event "Let's Play Chess!"]
[Site "http://www.queenalice.com/game.php?id=1239545"]
[Date "2013.12.12"]
[Round "-"]
[White "brunocalixto"]
[Black "erikdevriend"]
[Result "0-1"]
[WhiteElo "1688"]
[BlackElo "1762"]

1. Nf3 Nf6 2. g3 d5 3. Bg2 c6 4. O-O Bf5 5. d3 h6 6. Nbd2 e6 7. c4 Be7 8. cxd5
cxd5 9. Re1 Nc6 10. b3 O-O 11. Bb2 Rc8 12. d4 Nb4 13. Ne5 Nc2 14. Rc1 Nxe1 15.
Rxc8 Qxc8 16. Qxe1 Qc2 17. Qc1 Qxc1+ 18. Bxc1 Rc8 19. Bb2 Rc2 20. f4 Rxd2 21.
Bc3 Rxe2 22. a4 Ne4 23. Nd3 Nxc3 24. Bf3 Bxd3 25. Bxe2 Bxe2 0-1

[Event "Let's Play Chess!"]
[Site "http://www.queenalice.com/game.php?id=1246605"]
[Date "2014.1.10"]
[Round "-"]
[White "igorjava"]
[Black "erikdevriend"]
[Result "0-1"]
[WhiteElo "1797"]
[BlackElo "1808"]

1. e4 e5 2. f4 exf4 3. Nf3 g5 4. h3 Nf6 5. Nc3 Nh5 6. Ne5 Ng3 7. Rg1 Bg7 8. Ng4
d5 9. Nxd5 f5 10. Nf2 fxe4 11. Bc4 Be6 12. Nxc7+ Qxc7 13. Bxe6 Bd4 14. c3 Bxf2+
15. Kxf2 Qb6+ 16. d4 Qxe6 17. b3 Nd7 18. Re1 O-O 19. Bb2 e3+ 20. Kg1 f3 21. gxf3
Qxh3 22. Rxe3 Rae8 23. Qd2 Qh1+ 24. Kf2 Qh2+ 25. Ke1 Qg1# 0-1

[Event "Challenge"]
[Site "http://www.queenalice.com/game.php?id=1247029"]
[Date "2014.1.10"]
[Round "-"]
[White "balu"]
[Black "erikdevriend"]
[Result "0-1"]
[WhiteElo "1772"]
[BlackElo "1904"]

1. e4 e5 2. Nf3 Nc6 3. Nc3 Nf6 4. Bc4 Nxe4 5. Nxe4 d5 6. d3 dxc4 7. O-O cxd3 8.
Qxd3 Qxd3 9. cxd3 Bg4 10. Neg5 f6 11. Ne6 Bxe6 12. b3 O-O-O 13. Be3 Rxd3 14. h3
Ba3 15. Nd2 Rhd8 16. Nc4 Bxc4 17. bxc4 Bb2 18. Rab1 Bd4 19. Bxd4 Nxd4 20. a4 Rc3
21. Rb4 a5 22. Rb5 Nxb5 23. cxb5 Rcd3 24. Rc1 Rd1+ 25. Rxd1 Rxd1+ 0-1

[Event "Let's Play Chess!"]
[Site "http://www.queenalice.com/game.php?id=1248781"]
[Date "2014.1.16"]
[Round "-"]
[White "erikdevriend"]
[Black "igorjava"]
[Result "1-0"]
[WhiteElo "1931"]
[BlackElo "1857"]

1. d4 d5 2. c4 c6 3. Nf3 dxc4 4. e3 b5 5. a4 e6 6. b3 cxb3 7. axb5 cxb5 8. Bxb5+
Bd7 9. Qxb3 Nc6 10. O-O Rb8 11. Nc3 Nf6 12. e4 Be7 13. Bf4 O-O 14. Bxb8 Qxb8 15.
Rfb1 Qc7 16. d5 Nb4 17. Bxd7 Qxd7 18. dxe6 fxe6 19. Rd1 Qc7 20. Qxe6+ Kh8 21.
Rac1 Qb7 22. e5 Ng8 23. Nd5 Nxd5 24. Qxd5 Qb8 25. Nd4 Rd8 26. Nc6 Rxd5 27. Nxb8
Rxd1+ 28. Rxd1 a5 29. Nc6 Bb4 30. Nxb4 axb4 31. Rb1 g6 32. Rxb4 Kg7 33. Rb7+ Kh8
34. g4 h5 35. g5 h4 36. Kg2 1-0

[Event "Challenge"]
[Site "http://www.queenalice.com/game.php?id=1250387"]
[Date "2014.1.22"]
[Round "-"]
[White "erikdevriend"]
[Black "Vladimir"]
[Result "1-0"]
[WhiteElo "1857"]
[BlackElo "1882"]

1. d4 d5 2. c4 dxc4 3. Nf3 h6 4. e4 Nf6 5. Nc3 Bg4 6. Bxc4 e6 7. Be3 Bb4 8. Qa4+
Nc6 9. Ne5 Bxc3+ 10. bxc3 O-O 11. Nxc6 bxc6 12. f3 Bh5 13. Qxc6 Rb8 14. O-O Rb6
15. Qa4 Qb8 16. Bb3 Qb7 17. c4 Ra6 18. Qb5 Qxb5 19. cxb5 Rb6 20. a4 c6 21. d5
Rbb8 22. dxc6 a6 23. b6 Rfc8 24. c7 Rb7 25. Rfc1 Nd7 26. a5 Ne5 27. Ba4 g5 28.
Bd4 Nd3 29. Bd7 1-0

[Event "Challenge"]
[Site "http://www.queenalice.com/game.php?id=1251512"]
[Date "2014.1.26"]
[Round "-"]
[White "erikdevriend"]
[Black "Excsiu"]
[Result "1-0"]
[WhiteElo "2122"]
[BlackElo "1723"]

1. d4 d5 2. c4 dxc4 3. Nf3 b5 4. a4 Ba6 5. axb5 Bxb5 6. Na3 a6 7. Nxb5 c6 8. Nc3
Nh6 9. Bxh6 gxh6 10. e3 Qb6 11. Na4 Qb4+ 12. Qd2 Qd6 13. Nb6 Ra7 14. Nc8 Qc7 15.
Nxa7 Qxa7 16. Bxc4 e6 17. O-O Rg8 18. Ne5 Qe7 19. f4 f6 20. Nd3 f5 21. Ne5 h5
22. Qe2 Qg7 23. Bxe6 Qxg2+ 24. Qxg2 1-0

[Event "Let's Play Chess!"]
[Site "http://www.queenalice.com/game.php?id=1256277"]
[Date "2014.2.14"]
[Round "-"]
[White "erikdevriend"]
[Black "adelio"]
[Result "1-0"]
[WhiteElo "2008"]
[BlackElo "1933"]

1. d4 d5 2. c4 c5 3. Nf3 g6 4. dxc5 dxc4 5. Qxd8+ Kxd8 6. e4 Be6 7. Ng5 b5 8.
cxb6 axb6 9. Nxe6+ fxe6 10. Bxc4 Nf6 11. f3 e5 12. Be3 Nfd7 13. Nc3 Ra7 14.
O-O-O Kc8 15. Rd2 Bg7 16. Rhd1 Rd8 17. Bxb6 Nc6 18. Bxa7 Nxa7 19. Rxd7 Bh6+ 20.
Kc2 Rxd7 21. Be6 Nc6 22. Bxd7+ Kc7 23. Bxc6 Kxc6 24. b4 Be3 25. a4 Bd4 26. Kb3
h5 27. Kc4 h4 28. a5 Bxc3 29. b5+ Kb7 30. Kxc3 Kc7 31. a6 Kb6 32. Kb4 g5 33. Rd7
h3 34. Rb7# 1-0

[Event "6Generation"]
[Site "http://www.queenalice.com/game.php?id=1257212"]
[Date "2014.2.17"]
[Round "-"]
[White "erikdevriend"]
[Black "jruizlac"]
[Result "1-0"]
[WhiteElo "2069"]
[BlackElo "1869"]

1. d4 d5 2. c4 c6 3. Nf3 Nf6 4. Nc3 Bg4 5. Ne5 Nbd7 6. Nxg4 Nxg4 7. e4 Nh6 8.
cxd5 cxd5 9. Nxd5 e6 10. Nc3 Bb4 11. Qa4 Be7 12. Bb5 a6 13. Bxd7+ Qxd7 14. Qxd7+
Kxd7 15. Ke2 Bb4 16. Be3 Rac8 17. Rhc1 f5 18. f3 Nf7 19. Na4 Ba5 20. Nc5+ Ke7
21. Nxb7 Bc7 22. e5 Nxe5 23. dxe5 Bxe5 24. Bg5+ Kd7 25. Nc5+ Kd6 26. Nd3 Bxh2
27. Rxc8 Rxc8 28. Rh1 Rc2+ 29. Bd2 Be5 30. Nxe5 Kxe5 31. Kd3 Rxb2 32. Bc3+ 1-0

[Event "Let's Play Chess!"]
[Site "http://www.queenalice.com/game.php?id=1257984"]
[Date "2014.2.19"]
[Round "-"]
[White "dnptrs"]
[Black "erikdevriend"]
[Result "0-1"]
[WhiteElo "2130"]
[BlackElo "1960"]

1. d4 Nf6 2. Nf3 e6 3. g3 c5 4. Bg2 d5 5. c3 Nc6 6. O-O Be7 7. dxc5 Bxc5 8. b4
Bb6 9. a4 O-O 10. Bg5 h6 11. Bc1 a6 12. Bb2 Ne4 13. e3 f5 14. a5 Ba7 15. Nd4 Ne5
16. Qb3 Nc4 17. Bc1 e5 18. Nf3 Be6 19. Na3 Ned6 20. Nxc4 Nxc4 21. Rd1 Qf6 22.
Qb1 Rad8 23. Nd2 f4 24. Nxc4 dxc4 25. Ba3 fxe3 26. Rxd8 Qxf2+ 0-1

[Event "TEN DAYS"]
[Site "http://www.queenalice.com/game.php?id=1259030"]
[Date "2014.3.3"]
[Round "-"]
[White "erikdevriend"]
[Black "phystutordotcom"]
[Result "1-0"]
[WhiteElo "2082"]
[BlackElo "2341"]

1. d4 d6 2. c4 e5 3. Nc3 exd4 4. Qxd4 Nc6 5. Qd2 Be7 6. g3 Be6 7. b3 Bf6 8. Bb2
Nge7 9. Bg2 O-O 10. Nh3 d5 11. cxd5 Nxd5 12. Nxd5 Bxb2 13. Rd1 Bxd5 14. Bxd5 Qf6
15. O-O Rad8 16. Qg5 Nd4 17. Bc4 Qxg5 18. Nxg5 1-0

[Event "Let's Play Chess!"]
[Site "http://www.queenalice.com/game.php?id=1259263"]
[Date "2014.2.24"]
[Round "-"]
[White "erikdevriend"]
[Black "dnptrs"]
[Result "1-0"]
[WhiteElo "2033"]
[BlackElo "2135"]

1. d4 Nf6 2. c4 e6 3. Nc3 c5 4. d5 d6 5. e4 Be7 6. h3 Qb6 7. Bd3 Na6 8. Nf3 e5
9. a3 Bd7 10. O-O O-O 11. Rb1 Qd8 12. b4 Ne8 13. Be3 b6 14. Bc2 Nec7 15. Ba4 f5
16. Bxd7 Qxd7 17. exf5 Rxf5 18. Qa4 Qxa4 19. Nxa4 Raf8 20. bxc5 bxc5 21. Rb7 h5
22. Nc3 Ra8 23. Nb5 Bd8 24. Nxd6 Rf6 25. Ne4 Rb6 26. Rb1 1-0

[Event "Let's Play Chess!"]
[Site "http://www.queenalice.com/game.php?id=1261579"]
[Date "2014.3.3"]
[Round "-"]
[White "erikdevriend"]
[Black "greggy"]
[Result "1/2-1/2"]
[WhiteElo "2123"]
[BlackElo "2102"]

1. d4 Nf6 2. c4 e6 3. Nc3 Bb4 4. f3 d5 5. a3 Bxc3+ 6. bxc3 O-O 7. cxd5 exd5 8.
e3 b6 9. Bd3 Re8 10. Ne2 Ba6 11. O-O c5 12. Ng3 Bxd3 13. Qxd3 Nc6 14. Ra2 Rc8
15. Raf2 h5 16. Bb2 c4 17. Qd2 h4 18. Nf5 Ne7 19. g4 Nxf5 20. gxf5 Qd7 21. Rg2
Qxf5 22. e4 Qh7 23. e5 h3 24. Rg3 Nh5 25. Rxh3 Qg6+ 26. Kf2 Qf5 27. Rh4 Rc6 28.
Bc1 Rg6 29. Qd1 f6 30. f4 Qe4 31. Rg4 Rxg4 32. Qxg4 g6 33. Qd7 Rf8 34. Kg1 fxe5
35. dxe5 Nxf4 36. Bxf4 Rxf4 37. Rxf4 Qxf4 38. Qxd5+ Kg7 39. Qd7+ Kf8 40. e6 Qe3+
1/2-1/2

[Event "Let's Play Chess!"]
[Site "http://www.queenalice.com/game.php?id=1266301"]
[Date "2014.3.19"]
[Round "-"]
[White "dnptrs"]
[Black "erikdevriend"]
[Result "0-1"]
[WhiteElo "2173"]
[BlackElo "2122"]

1. d4 Nf6 2. Nf3 e6 3. c4 c5 4. e3 a6 5. Be2 d5 6. O-O dxc4 7. a4 Nc6 8. Na3 b5
9. b3 cxd4 10. bxc4 b4 11. Nc2 dxe3 12. Qxd8+ Nxd8 13. Bxe3 a5 14. Rfd1 Bb7 15.
Ncd4 Bc5 16. Nb5 Bxe3 17. Nc7+ Ke7 18. Nxa8 Bxf2+ 19. Kxf2 Bxa8 20. Rac1 Nb7 21.
c5 Nxc5 22. Bb5 Nfe4+ 23. Kg1 Nc3 24. Rd4 Bd5 25. Re1 f6 26. Nd2 e5 27. Nc4 Be6
28. Rd2 Nxb5 29. axb5 Bxc4 0-1

[Event "Challenge"]
[Site "http://www.queenalice.com/game.php?id=1267409"]
[Date "2014.3.23"]
[Round "-"]
[White "erikdevriend"]
[Black "eddval"]
[Result "0-1"]
[WhiteElo "2129"]
[BlackElo "2228"]

1. d4 Nf6 2. c4 e6 3. Nf3 Bb4+ 4. Nbd2 O-O 5. a3 Bxd2+ 6. Qxd2 d6 7. b4 b6 8.
Bb2 Bb7 9. e3 Ne4 10. Qc2 Nd7 11. Be2 f5 12. O-O Qe7 13. d5 exd5 14. cxd5 Bxd5
15. Rad1 c6 16. Nd4 c5 17. Nb5 Bb7 18. f3 a6 0-1

[Event "Challenge"]
[Site "http://www.queenalice.com/game.php?id=1267411"]
[Date "2014.3.23"]
[Round "-"]
[White "erikdevriend"]
[Black "eddval"]
[Result "0-1"]
[WhiteElo "2146"]
[BlackElo "2218"]

1. d4 Nf6 2. c4 e6 3. Nc3 Bb4 4. f3 O-O 5. e4 d6 6. a3 Bxc3+ 7. bxc3 b6 8. Bd3
h6 9. g4 e5 10. h4 Nh7 11. g5 h5 12. Ne2 g6 13. f4 Bg4 14. Qc2 Nc6 15. Be3 Qe7
16. O-O f5 17. Ng3 Rae8 18. exf5 exf4 0-1

[Event "1 Month"]
[Site "http://www.queenalice.com/game.php?id=1270065"]
[Date "2014.4.3"]
[Round "-"]
[White "phystutordotcom"]
[Black "erikdevriend"]
[Result "1-0"]
[WhiteElo "2467"]
[BlackElo "2115"]

1. Nf3 d5 2. g3 g6 3. Bg2 Bg7 4. O-O e5 5. d3 Ne7 6. e4 O-O 7. exd5 Nxd5 8. Nc3
Nc6 9. Nxe5 Nxc3 10. Nxc6 Nxd1 11. Nxd8 Nxb2 12. Bxb2 Bxb2 13. Rab1 1-0

[Event "1 Month"]
[Site "http://www.queenalice.com/game.php?id=1270066"]
[Date "2014.4.3"]
[Round "-"]
[White "phystutordotcom"]
[Black "erikdevriend"]
[Result "1-0"]
[WhiteElo "2469"]
[BlackElo "2111"]

1. Nf3 d5 2. g3 g6 3. c4 dxc4 4. Na3 Bg7 5. Nxc4 Nc6 6. d3 e5 7. Bd2 Nge7 8. Bg2
O-O 9. O-O Be6 10. Ng5 Bd5 11. Bxd5 Nxd5 12. Rc1 1-0

[Event "1 Month"]
[Site "http://www.queenalice.com/game.php?id=1270067"]
[Date "2014.4.3"]
[Round "-"]
[White "phystutordotcom"]
[Black "erikdevriend"]
[Result "1-0"]
[WhiteElo "2468"]
[BlackElo "2113"]

1. Nf3 d5 2. g3 g6 3. Bg2 Bg7 4. O-O e5 5. d3 Ne7 6. e4 O-O 7. exd5 Nxd5 8. Nc3
Nc6 9. Nxe5 Nxc3 10. Nxc6 Nxd1 11. Nxd8 Nxb2 12. Bxb2 Bxb2 13. Rab1 Rxd8 14.
Rxb2 Rb8 15. Re1 1-0